000 01032nas a2200337 4500
001 BR0404307
003 BR-BrBNA
005 20231205104800.0
007 ta
008 230509b bl.|||p| |||| 00| 00por d
040 _aBR-BrBNA
_bpor
_cBiblioteca Nacional de Agricultura
041 _a(Pt)
072 _aQ03
100 1 _aRapini, L.S.
100 1 _aTeixeira, J.P.
100 1 _aMartins, N.E.
100 1 _aCerqueira, M.M.O.P.
100 1 _aSouza, M.R.
100 1 _aPenna, C.F.A.M.
245 1 _aPerfil de resistência antimicrobiana de cepas de Staphylococcus sp. isoladas de queijo tipo coalho
650 _aQUEIJO
650 _aCOALHO
650 _aSTAPHYLOCOCCUS AUREUS
650 _aANTIBIÓTICO
650 _aRESISTÊNCIA A PRODUTOS QUÍMICOS
650 _aINFECÇÃO
650 _aHOMEM
773 0 _tArquivo Brasileiro de Medicina Veterinária e Zootecnia (Brazil)
_xISSN 0102-0935
_g(Feb 2004), v. 56(1) p. 130-133
_wBR0404307
909 _a202311
_bLúcia
_c55
_dLúcia Elande
942 _2AGRIS
_n0
_cANA
999 _c179667
_d179667